| 000 | 00487nam a2200169 i 4500 | ||
|---|---|---|---|
| 001 | 102143 | ||
| 003 | ES-MaACL | ||
| 005 | 20230906183042.0 | ||
| 007 | t| | ||
| 008 | 051104q19601969sp ||||1| baq d | ||
| 100 | 1 |
_aMendizabal, A. Fernando. _980204 |
|
| 245 | 1 | 0 |
_aEuskaldunentaat...Gramatika... / _cA. Fernando Mendizabal. |
| 260 |
_a[s.l. : _bs.n.], _c[196-?] |
||
| 300 |
_aII, 292 p., 3 h. ; _c24 cm. |
||
| 500 | _aEjemplar multicopista. | ||
| 852 |
_aES-MaACL _jC-46726 _bR.69932 |
||
| 999 |
_c102143 _d102143 |
||